00272 a2200121 4500001000700000020001800007040003500025100003200060240002300092245001800115300000800133362000900141156784 a9788535922837 cEscola São Tomás de Aquino aANDRADE, Carlos Drummond de10aAlguma poesialpor10aAlguma poesia a1100 a2013